Southville International School and Colleges
Your cart is empty.
  • Cart
  • Lists
    Public lists Eva Luna New books Lux_list list_1
    Your lists Log in to create your own lists
  • Log in to your account
  • Your cookies
  • Search history
Southville International School and Colleges
  • Advanced search
  • Recent comments
  • Most popular
  • Libraries

Log in to your account

Log in with GOOGLE


If you do not have an external account, but do have a local account, you can still log in:

  1. Home
  2. MARC view: Laboratory guide in microbiology and parasitology /
Normal view MARC view ISBD view

Laboratory guide in microbiology and parasitology / (Record no. 288476)

[ view plain ]
MARC details
000 -LEADER
fixed length control field 00527nam a22001697a 4500
003 - CONTROL NUMBER IDENTIFIER
control field PILC
005 - DATE AND TIME OF LATEST TRANSACTION
control field 20150825122753.0
008 - FIXED-LENGTH DATA ELEMENTS--GENERAL INFORMATION
fixed length control field 150825b xxu||||| |||| 00| 0 eng d
050 ## - LIBRARY OF CONGRESS CALL NUMBER
Classification number QR 63
Item number .T693 2007
100 ## - MAIN ENTRY--PERSONAL NAME
Personal name Torres, Trixie B.
245 ## - TITLE STATEMENT
Title Laboratory guide in microbiology and parasitology /
Statement of responsibility, etc Trixie B. Torres.
260 ## - PUBLICATION, DISTRIBUTION, ETC. (IMPRINT)
Place of publication, distribution, etc Valenzuela City :
Name of publisher, distributor, etc Gabay Eskwela Publishing House,
Date of publication, distribution, etc 2007.
300 ## - PHYSICAL DESCRIPTION
Extent 61 pages :
Other physical details color illustrations ;
Dimensions 29 cm.
650 ## - SUBJECT ADDED ENTRY--TOPICAL TERM
Topical term or geographic name as entry element Microbiology.
650 ## - SUBJECT ADDED ENTRY--TOPICAL TERM
Topical term or geographic name as entry element Parasitology.
942 ## - ADDED ENTRY ELEMENTS (KOHA)
Source of classification or shelving scheme Library of Congress Classification
Koha item type Books
Holdings
Withdrawn status Lost status Source of classification or shelving scheme Damaged status Home library Current library Shelving location Date acquired Source of acquisition Sub Shelving location Total Checkouts Full call number Barcode Date last seen Price effective from Koha item type
    Library of Congress Classification   College Library College Library General Circulation Section 08/25/2015 Donation     QR 63 .T693 2007 C19772 05/15/2018 08/25/2015 Books

Laboratory guide in microbiology and parasitology /

APA

Torres T. B., . (2007). Laboratory guide in microbiology and parasitology. Valenzuela City: Gabay Eskwela Publishing House.

Chicago

Torres Trixie B, . 2007. Laboratory guide in microbiology and parasitology. Valenzuela City: Gabay Eskwela Publishing House.

Harvard

Torres T. B., . (2007). Laboratory guide in microbiology and parasitology. Valenzuela City: Gabay Eskwela Publishing House.

MLA

Torres Trixie B, . Laboratory guide in microbiology and parasitology. Valenzuela City: Gabay Eskwela Publishing House. 2007.

  • Place hold
  • Print
  • Cite
  • Add to your cart (remove)
  • Save record
    BIBTEX Dublin Core MARCXML MARC (non-Unicode/MARC-8) MARC (Unicode/UTF-8) MARC (Unicode/UTF-8, Standard) MODS (XML) RIS
  • More searches
    Search for this title in:
    Other Libraries (WorldCat) Other Databases (Google Scholar) Online Stores (Bookfinder.com) Open Library (openlibrary.org)

Exporting to Dublin Core...

SOUTHVILLE LIBRARY

Southville International School and Colleges Library

1281 Tropical Ave. Cor. Luxembourg St., BF Homes International, Las Pinas City

Tel. No. 8256374 / 252358 Loc. 117/146

Powered by Koha